000 00515nam a2200181 a 4500
001 2556
003 CO-ViMGA
008 141112s2004 ck r 000 u spa d
040 _aCO-ViMGA
_bspa
_cCO-ViMGA
082 0 4 _a028.55 D451
245 1 0 _aDinamizar la lectura /
_cCarrillo Mateo Evaristo y otros
260 _aMexico :
_bAlhambra,
_c1997
300 _a145 p : il
590 _aDatos de inventario : 05785
650 1 4 _aCarrillo Mateo, Evaristo
_951526
650 1 4 _aLECTURA - TECNICAS
_95195
942 _2ddc
_cBK
999 _c14633
_d14633